[Event "Mecklenburg VP LL2 West 0405"]
[Site "Mecklenburg VP"]
[Date "2005.04.24"]
[Round "9.2"]
[White "Junggebauer, Thomas"]
[Black "Pinchuk, Boris"]
[Result "1/2-1/2"]
[WhiteElo "1817"]
[BlackElo "1934"]
[PlyCount "60"]
[EventDate "2004.10.24"]
[EventType "team-tourn"]
[EventRounds "9"]
[EventCountry "GER"]
[SourceTitle "EXT 2016"]
[Source "ChessBase"]
[SourceDate "2015.10.08"]
[SourceVersion "1"]
[SourceVersionDate "2015.10.08"]
[SourceQuality "1"]
[WhiteTeam "Wismar ASV Gruen-Weiss II"]
[BlackTeam "Schwerin SV Einheit"]
[WhiteTeamCountry "GER"]
[BlackTeamCountry "GER"]

1. e4 c5 2. Nf3 e6 3. d4 cxd4 4. Nxd4 a6 5. c4 Nf6 6. Nc3 Bb4 7. Bd3 Nc6 8. Nc2 Be7 9. Be3 d5 10. exd5 exd5 11. cxd5 Nxd5 12. Nxd5 Qxd5 13. 0-0 Be6 14. Qe2 Ne5 15. Rfd1 Nxd3 16. Rxd3 Qe5 17. b3 Bf5 18. Rdd1 0-0 19. Nd4 Be4 20. Qg4 f5 21. Qf4 Qf6 22. Nf3 Rad8 23. Bd4 Qg6 24. Qg3 Qh6 25. Be5 Bf6 26. Bxf6 Qxf6 27. Qf4 Qc3 28. Nd2 Bc2 29. Rac1 Qd3 30. Re1 Qxd2 1/2-1/2

[Event "Mecklenburg VP LL2 West 0405"]
[Site "Mecklenburg VP"]
[Date "2004.12.12"]
[Round "4.2"]
[White "Hornych, Christoph"]
[Black "Pinchuk, Boris"]
[Result "1-0"]
[WhiteElo "2003"]
[BlackElo "1934"]
[PlyCount "110"]
[EventDate "2004.10.24"]
[EventType "team-tourn"]
[EventRounds "9"]
[EventCountry "GER"]
[SourceTitle "EXT 2016"]
[Source "ChessBase"]
[SourceDate "2015.10.08"]
[SourceVersion "1"]
[SourceVersionDate "2015.10.08"]
[SourceQuality "1"]
[WhiteTeam "Neukloster"]
[BlackTeam "Schwerin SV Einheit"]
[WhiteTeamCountry "GER"]
[BlackTeamCountry "GER"]

1. e4 c5 2. Nf3 e6 3. d4 cxd4 4. Nxd4 a6 5. Nc3 Qc7 6. Bd3 Nc6 7. Nb3 b5 8. 0-0 Nf6 9. a4 b4 10. Ne2 Bb7 11. h3 Na5 12. Nxa5 Qxa5 13. Ng3 h5 14. Re1 h4 15. Nf1 Qe5 16. Nd2 Bc5 17. Nc4 Qc7 18. Be3 Bxe3 19. Rxe3 d5 20. Nd2 dxe4 21. Bxe4 Rd8 22. Bxb7 Qxb7 23. Qe2 Nd5 24. Rf3 Qc6 25. Nc4 f6 26. Re1 Nc7 27. b3 Rd4 28. Qe3 Qd7 29. Rf4 Rxf4 30. Qxf4 Ke7 31. Ne3 a5 32. Qxc7 Qxc7 33. Nd5+ Kd7 34. Nxc7 Kxc7 35. Rxe6 Rh5 36. f3 Rc5 37. Re2 Kd6 38. Kf2 g5 39. Ke1 Kd7 40. Kd1 Kd6 41. Re3 Rd5+ 42. Ke2 Kc5 43. Re6 f5 44. Re3 Kc6 45. c4 bxc3 46. Rxc3+ Kb6 47. Rc2 Rd4 48. Rd2 Rb4 49. Rd3 Kc5 50. Ke3 Rb7 51. Rd8 Re7+ 52. Kd2 Re5 53. Rb8 Kc6 54. Kd3 f4 55. Rg8 Kc5 1-0

[Event "Mecklenburg VP LL 0304"]
[Site "Mecklenburg VP"]
[Date "2004.02.15"]
[Round "6.2"]
[White "Pinchuk, Boris"]
[Black "Koepcke, Klaus Peter"]
[Result "0-1"]
[WhiteElo "1961"]
[BlackElo "2034"]
[PlyCount "136"]
[EventDate "2003.09.28"]
[EventType "team-tourn"]
[EventRounds "9"]
[EventCountry "GER"]
[SourceTitle "EXT 2005"]
[Source "ChessBase"]
[SourceDate "2004.11.15"]
[SourceVersion "1"]
[SourceVersionDate "2004.11.15"]
[SourceQuality "1"]
[WhiteTeam "Schwerin SV Einheit"]
[BlackTeam "Stralsund"]
[WhiteTeamCountry "GER"]
[BlackTeamCountry "GER"]

1. e4 c5 2. c3 e5 3. Nf3 Nc6 4. Bc4 Nf6 5. d3 Be7 6. 0-0 0-0 7. Re1 d6 8. Nbd2 Bg4 9. Nf1 Na5 10. Bb5 a6 11. Ba4 b5 12. Bc2 Nc6 13. h3 Bh5 14. g4 Bg6 15. Ng3 Qd7 16. Kg2 h6 17. Nh4 b4 18. Bb3 Kh7 19. Nhf5 Ng8 20. Rh1 Bxf5 21. Nxf5 g6 22. Ne3 Bh4 23. Nd5 Rab8 24. Be3 Nce7 25. cxb4 Nxd5 26. Bxd5 Rxb4 27. Qd2 f5 28. a3 Rbb8 29. exf5 gxf5 30. gxf5 Nf6 31. Be6 Qb7+ 32. Kh2 Qxb2 33. Bxh6 Qxd2 34. Bxd2 Bxf2 35. Rab1 Nh5 36. Rhf1 Bg3+ 37. Kg2 Bf4 38. Ba5 Ng3 39. Rxb8 Rxb8 40. Rf2 Rf8 41. Bc7 Nxf5 42. Bxf5+ Rxf5 43. Bxd6 Rg5+ 44. Kf1 Rg3 45. Bxc5 Rxd3 46. h4 Kg6 47. Rb2 Kh5 48. Be7 Kg4 49. Ke2 e4 50. a4 Rh3 51. Bf6 Rh2+ 52. Kd1 Rxb2 53. Bxb2 Kf3 54. Bc3 e3 55. Be1 e2+ 56. Kc2 Bg3 57. Kd2 Bf4+ 58. Kd3 Be3 59. h5 Bg5 60. Bc3 Kf2 61. Bb4 e1Q 62. Bxe1+ Kxe1 63. Kd4 Kd2 64. Kc5 Be3+ 65. Kc6 Kc3 66. h6 Kb4 67. h7 Bd4 68. Kd5 Bh8 0-1

[Event "Mecklenburg VP LL 0304"]
[Site "Mecklenburg VP"]
[Date "2003.11.23"]
[Round "3.2"]
[White "Rossmann, Andreas"]
[Black "Pinchuk, Boris"]
[Result "1-0"]
[WhiteElo "2083"]
[BlackElo "1961"]
[PlyCount "137"]
[EventDate "2003.09.28"]
[EventType "team-tourn"]
[EventRounds "9"]
[EventCountry "GER"]
[SourceTitle "EXT 2005"]
[Source "ChessBase"]
[SourceDate "2004.11.15"]
[SourceVersion "1"]
[SourceVersionDate "2004.11.15"]
[SourceQuality "1"]
[WhiteTeam "Neubrandenburg"]
[BlackTeam "Schwerin SV Einheit"]
[WhiteTeamCountry "GER"]
[BlackTeamCountry "GER"]

1. e4 c5 2. Nf3 e6 3. Nc3 a6 4. g3 b5 5. Bg2 Bb7 6. d3 Nc6 7. 0-0 g6 8. Bg5 Qc7 9. Qd2 Bg7 10. Rfe1 d6 11. Rab1 Nge7 12. Bh6 0-0 13. Ne2 d5 14. Bxg7 Kxg7 15. Qc3+ Kg8 16. exd5 Nxd5 17. Qxc5 Qa5 18. Nc3 Ncb4 19. Nxd5 Nxd5 20. Qd4 Rac8 21. c3 Rfd8 22. Qh4 Kg7 23. Ne5 Qc7 24. d4 b4 25. Ng4 h5 26. Ne5 bxc3 27. bxc3 Rb8 28. c4 Ne7 29. Qf4 Nf5 30. Nxg6 Qxf4 31. Nxf4 Bxg2 32. Kxg2 Rxb1 33. Rxb1 Rxd4 34. Nxh5+ Kh6 35. Nf4 Rxc4 36. Rb7 Nd6 37. Rb6 Ne4 38. Rxa6 Rc2 39. Nh3 Kg7 40. a4 Ra2 41. Ra7 Kf6 42. a5 e5 43. Kf3 Nc5 44. Kg4 Kg6 45. Kf3 Nb3 46. Ke4 Nxa5 47. Kf3 Ra3+ 48. Kg2 f6 49. Ng1 Nc4 50. Rxa3 Nxa3 51. Nf3 Nc4 52. h3 e4 53. Ne1 f5 54. Nc2 Ne5 55. Nd4 Nd3 56. Ne2 Kg5 57. Nc3 Nc5 58. Nd5 Nd3 59. h4+ Kh5 60. Kf1 Ne5 61. Ke2 Nc4 62. Nf4+ Kg4 63. Ng2 Kh5 64. Ke1 Kg6 65. Nf4+ Kf6 66. Ke2 Ne5 67. Nd5+ Kg6 68. Ke3 Kf7 69. Kf4 1-0

[Event "Mecklenburg VP LL 0304"]
[Site "Mecklenburg VP"]
[Date "2003.11.02"]
[Round "2.2"]
[White "Pinchuk, Boris"]
[Black "Stopsack, Malte"]
[Result "0-1"]
[WhiteElo "1961"]
[BlackElo "2220"]
[PlyCount "66"]
[EventDate "2003.09.28"]
[EventType "team-tourn"]
[EventRounds "9"]
[EventCountry "GER"]
[SourceTitle "EXT 2005"]
[Source "ChessBase"]
[SourceDate "2004.11.15"]
[SourceVersion "1"]
[SourceVersionDate "2004.11.15"]
[SourceQuality "1"]
[WhiteTeam "Schwerin SV Einheit"]
[BlackTeam "Greifswald"]
[WhiteTeamCountry "GER"]
[BlackTeamCountry "GER"]

1. e4 c5 2. c3 e6 3. d4 d5 4. e5 Nc6 5. Nf3 Qb6 6. Be2 cxd4 7. cxd4 Nh6 8. Nc3 Nf5 9. Bb5 Bd7 10. Bxc6 Bxc6 11. g4 Ne7 12. Qe2 h5 13. g5 Nf5 14. Qd3 h4 15. h3 g6 16. a3 Be7 17. b4 Rc8 18. Bd2 Bd7 19. Be3 a5 20. b5 a4 21. 0-0 Qa5 22. Bd2 Qa7 23. Rfc1 0-0 24. Ne2 Qb6 25. Nc3 Rc4 26. Be3 Rfc8 27. Kg2 Nxe3+ 28. Qxe3 Qa5 29. Ne2 Bxb5 30. Nxh4 Rc2 31. Rxc2 Rxc2 32. Ng3 Qc3 33. Qxc3 Rxc3 0-1

[Event "GER-ch U18"]
[Site "Willingen"]
[Date "2003.06.11"]
[Round "7"]
[White "Rehfeldt, Frank"]
[Black "Pinchuk, Boris"]
[Result "1/2-1/2"]
[WhiteElo "1922"]
[BlackElo "1961"]
[PlyCount "43"]
[EventDate "2003.06.08"]
[EventType "swiss"]
[EventRounds "9"]
[EventCountry "GER"]
[SourceTitle "CBM 094 Extra"]
[Source "ChessBase"]
[SourceDate "2003.07.09"]
[SourceVersion "2"]
[SourceVersionDate "2003.07.09"]
[SourceQuality "1"]

1. e4 c5 2. Nf3 e6 3. d4 cxd4 4. Nxd4 a6 5. c4 Nf6 6. Nc3 Qc7 7. a3 Nc6 8. Be3 Be7 9. Be2 0-0 10. Rc1 d6 11. 0-0 Bd7 12. f3 Rfd8 13. Qe1 d5 14. cxd5 exd5 15. Nxd5 Nxd5 16. exd5 Qe5 17. dxc6 Qxe3+ 18. Qf2 Qxf2+ 19. Kxf2 Bxc6 20. Nxc6 bxc6 21. Rxc6 Rd2 22. Rfc1 1/2-1/2

[Event "GER-ch U18"]
[Site "Willingen"]
[Date "2003.06.10"]
[Round "4"]
[White "Pinchuk, Boris"]
[Black "Suchin, Dimitry"]
[Result "1-0"]
[WhiteElo "1961"]
[BlackElo "2043"]
[PlyCount "83"]
[EventDate "2003.06.08"]
[EventType "swiss"]
[EventRounds "9"]
[EventCountry "GER"]
[SourceTitle "CBM 094 Extra"]
[Source "ChessBase"]
[SourceDate "2003.07.09"]
[SourceVersion "2"]
[SourceVersionDate "2003.07.09"]
[SourceQuality "1"]

1. e4 c5 2. c3 d5 3. exd5 Qxd5 4. d4 e6 5. Nf3 Nf6 6. Be2 Nc6 7. 0-0 cxd4 8. cxd4 Be7 9. Nc3 Qd6 10. Be3 0-0 11. Rc1 Rd8 12. Qd2 Nd5 13. Ne4 Qb4 14. Qc2 Bd7 15. Bc4 h6 16. a3 Qa5 17. Rfe1 Rac8 18. Qd3 Be8 19. b4 Qb6 20. Bxd5 exd5 21. Nc3 Bf6 22. Na4 Qa6 23. Qxa6 bxa6 24. Nc5 Nb8 25. Nb7 Rxc1 26. Bxc1 Kf8 27. Nxd8 Bxd8 28. Bf4 Nc6 29. Bd6+ Be7 30. Bc5 f6 31. Nh4 Bxc5 32. dxc5 Ne7 33. Nf3 Nc6 34. Re6 a5 35. b5 Nd8 36. Ra6 Bxb5 37. Rxa7 Nc6 38. Rb7 Ba4 39. Kf1 Kg8 40. Rd7 Bb5+ 41. Ke1 Bc4 42. Rd6 1-0

[Event "GER-ch U18"]
[Site "Willingen"]
[Date "2003.06.09"]
[Round "3"]
[White "Kosak, Michael"]
[Black "Pinchuk, Boris"]
[Result "1-0"]
[WhiteElo "1959"]
[BlackElo "1961"]
[PlyCount "75"]
[EventDate "2003.06.08"]
[EventType "swiss"]
[EventRounds "9"]
[EventCountry "GER"]
[SourceTitle "CBM 094 Extra"]
[Source "ChessBase"]
[SourceDate "2003.07.09"]
[SourceVersion "2"]
[SourceVersionDate "2003.07.09"]
[SourceQuality "1"]

1. d4 d5 2. c4 e6 3. Nc3 Nf6 4. Bg5 Nbd7 5. e3 Be7 6. Nf3 0-0 7. Bd3 a6 8. cxd5 Nxd5 9. Bxe7 Qxe7 10. 0-0 b6 11. Nxd5 exd5 12. Qc2 Nf6 13. Rac1 Bg4 14. Qxc7 Qb4 15. Qc3 Qd6 16. Ne5 Be6 17. a3 Rfc8 18. Qd2 Ne4 19. Qe2 f6 20. Nf3 a5 21. Nd2 Nxd2 22. Qxd2 f5 23. Rxc8+ Rxc8 24. Rc1 Rxc1+ 25. Qxc1 Bd7 26. Qc3 g6 27. g3 Kf7 28. b4 axb4 29. Qxb4 Qc7 30. Kg2 g5 31. Qb3 Be6 32. Qc2 Qd7 33. Qb1 f4 34. Bxh7 Bh3+ 35. Kg1 Qe6 36. e4 dxe4 37. Qxe4 Qd6 38. Bf5 1-0

[Event "GER-ch U18"]
[Site "Willingen"]
[Date "2003.06.08"]
[Round "2"]
[White "Pinchuk, Boris"]
[Black "Walter, Stefan1"]
[Result "1/2-1/2"]
[WhiteElo "1961"]
[BlackElo "2100"]
[PlyCount "143"]
[EventDate "2003.06.08"]
[EventType "swiss"]
[EventRounds "9"]
[EventCountry "GER"]
[SourceTitle "CBM 094 Extra"]
[Source "ChessBase"]
[SourceDate "2003.07.09"]
[SourceVersion "2"]
[SourceVersionDate "2003.07.09"]
[SourceQuality "1"]

1. e4 e5 2. Nf3 Nc6 3. Bb5 a6 4. Ba4 Nf6 5. Bxc6 dxc6 6. d3 Nd7 7. Nbd2 f6 8. Nc4 Bd6 9. Nh4 Nf8 10. Bd2 Be6 11. Ne3 Qd7 12. a4 Ng6 13. Nhf5 0-0 14. h4 Ne7 15. g4 Kh8 16. h5 b5 17. Qf3 Bc5 18. Ng2 Rab8 19. Ngh4 Kg8 20. axb5 axb5 21. Qh3 Ra8 22. Rb1 Ba2 23. Rd1 Bf7 24. g5 Be6 25. g6 Bxf5 26. Nxf5 Nxf5 27. gxh7+ Kf7 28. exf5 Rh8 29. Qg4 Rxh7 30. Qg6+ Kg8 31. Ke2 e4 32. Be3 Qd5 33. Rh4 Bxe3 34. fxe3 Rh6 35. Qg4 Re8 36. dxe4 Qc4+ 37. Kf2 Kf8 38. Rh2 Qf7 39. b4 Re5 40. Rd4 Re8 41. Kg3 Qe7 42. Rhd2 Qe5+ 43. Kf3 Rh7 44. Rg2 Qe7 45. Kg3 c5 46. bxc5 Qxc5 47. Kf3 Qe7 48. Rgd2 Qf7 49. Qg6 Rxh5 50. Rd7 Qxg6 51. fxg6 Rg5 52. Rxc7 Rxg6 53. Rd5 Rh6 54. Rxb5 Rh3+ 55. Ke2 Kg8 56. Rbb7 Rxe4 57. Rxg7+ Kh8 58. Rgf7 Rhxe3+ 59. Kd2 Kg8 60. Rxf6 Re2+ 61. Kc3 Re6 62. Rxe6 Rxe6 63. Kb4 Kf8 64. c4 Ke8 65. Kb5 Kd8 66. c5 Kc8 67. Rh7 Rg6 68. Rf7 Rh6 69. Rf8+ Kc7 70. Rf7+ Kc8 71. c6 Rh1 72. Kc5 1/2-1/2

[Event "Mecklenburg VP-ch U18"]
[Site "Greifswald"]
[Date "2003.02.15"]
[Round "5"]
[White "Zentgraf, Robert"]
[Black "Pinchuk, Boris"]
[Result "1-0"]
[WhiteElo "1954"]
[BlackElo "1880"]
[PlyCount "49"]
[EventDate "2003.02.??"]
[EventType "swiss"]
[EventRounds "7"]
[EventCountry "GER"]
[SourceTitle "EXT 2005"]
[Source "ChessBase"]
[SourceDate "2004.11.15"]
[SourceVersion "1"]
[SourceVersionDate "2004.11.15"]
[SourceQuality "1"]

1. e4 c6 2. d4 d5 3. exd5 cxd5 4. c4 Nf6 5. Nc3 e6 6. Nf3 Be7 7. cxd5 Nxd5 8. Bd3 0-0 9. 0-0 Nc6 10. a3 Bf6 11. Be4 Nce7 12. Ne5 Nxc3 13. bxc3 Qa5 14. Ng4 Qxc3 15. Nxf6+ gxf6 16. Qh5 f5 17. Bh6 Qxd4 18. Bxf8 Kxf8 19. Bf3 e5 20. Qh6+ Ke8 21. Rfd1 Qb6 22. Qg7 Ng6 23. Bh5 Qe6 24. Bxg6 hxg6 25. Qg8+ 1-0

[Event "Mecklenburg VP-ch U18"]
[Site "Greifswald"]
[Date "2003.02.14"]
[Round "3"]
[White "Hanisch, Sebastian"]
[Black "Pinchuk, Boris"]
[Result "1/2-1/2"]
[WhiteElo "1586"]
[BlackElo "1880"]
[PlyCount "46"]
[EventDate "2003.02.??"]
[EventType "swiss"]
[EventRounds "7"]
[EventCountry "GER"]
[SourceTitle "EXT 2005"]
[Source "ChessBase"]
[SourceDate "2004.11.15"]
[SourceVersion "1"]
[SourceVersionDate "2004.11.15"]
[SourceQuality "1"]

1. e4 c5 2. Nf3 e6 3. d4 cxd4 4. Nxd4 a6 5. Nc3 Qc7 6. Be2 Nc6 7. 0-0 Nf6 8. a3 Nxd4 9. Qxd4 Bc5 10. Qd3 b5 11. b4 Be7 12. f4 Bb7 13. e5 Rc8 14. Bb2 Nd5 15. Nxd5 Bxd5 16. Rac1 0-0 17. Qe3 a5 18. Bxb5 axb4 19. axb4 Bxb4 20. c4 Qb7 21. cxd5 Qxb5 22. dxe6 dxe6 23. Ba3 Bxa3 1/2-1/2

[Event "Mecklenburg VP LL 0203"]
[Site "Mecklenburg VP"]
[Date "2003.02.09"]
[Round "6.2"]
[White "Pinchuk, Boris"]
[Black "Kalhorn, Stefan"]
[Result "1/2-1/2"]
[WhiteElo "1880"]
[BlackElo "2026"]
[PlyCount "35"]
[EventDate "2002.10.20"]
[EventType "team-tourn"]
[EventRounds "9"]
[EventCountry "GER"]
[SourceTitle "EXT 2016"]
[Source "ChessBase"]
[SourceDate "2015.10.08"]
[SourceVersion "1"]
[SourceVersionDate "2015.10.08"]
[SourceQuality "1"]
[WhiteTeam "Schwerin SV Einheit"]
[BlackTeam "Greifswald"]
[WhiteTeamCountry "GER"]
[BlackTeamCountry "GER"]

1. e4 d6 2. d4 Nf6 3. Nd2 e5 4. dxe5 dxe5 5. Ngf3 Bc5 6. Bd3 Nc6 7. 0-0 Bg4 8. Nc4 Nd7 9. Be3 b5 10. Ncd2 Bxe3 11. fxe3 a6 12. Qe1 Bxf3 13. Nxf3 Qe7 14. Qg3 g6 15. a4 Rb8 16. axb5 axb5 17. h4 Nc5 18. Nh2 1/2-1/2

[Event "Mecklenburg VP LL 0203"]
[Site "Mecklenburg VP"]
[Date "2002.??.??"]
[Round "3.2"]
[White "Pinchuk, Boris"]
[Black "Koepcke, Klaus Peter"]
[Result "1/2-1/2"]
[WhiteElo "1880"]
[BlackElo "2040"]
[PlyCount "89"]
[EventDate "2002.10.20"]
[EventType "team-tourn"]
[EventRounds "9"]
[EventCountry "GER"]
[SourceTitle "EXT 2016"]
[Source "ChessBase"]
[SourceDate "2015.10.08"]
[SourceVersion "1"]
[SourceVersionDate "2015.10.08"]
[SourceQuality "1"]
[WhiteTeam "Schwerin SV Einheit"]
[BlackTeam "Stralsund FHSG"]
[WhiteTeamCountry "GER"]
[BlackTeamCountry "GER"]

1. e4 e5 2. Nf3 Nc6 3. Bb5 a6 4. Ba4 Nf6 5. Bxc6 dxc6 6. d3 Bd6 7. Nbd2 Bg4 8. h3 Bh5 9. g4 Bg6 10. Nc4 Nd7 11. Bd2 Qe7 12. Qe2 0-0-0 13. 0-0-0 f6 14. Nh4 Kb8 15. Nf5 Bxf5 16. gxf5 g6 17. Qg4 Rdg8 18. Rdg1 Bc5 19. Rg2 Qf7 20. Rhg1 Nb6 21. Nxb6 cxb6 22. Kb1 g5 23. Qe2 b5 24. Be3 Bxe3 25. Qxe3 Rd8 26. c3 Rd7 27. f3 Rhd8 28. Rd2 Qh5 29. Rh1 Qh4 30. Rhh2 h5 31. Kc2 Qg3 32. Qf2 Qf4 33. Rg2 c5 34. h4 c4 35. d4 exd4 36. Rxd4 Rxd4 37. cxd4 gxh4 38. Rh2 Rxd4 39. Qxd4 Qxh2+ 40. Kc3 Qg3 41. Qd8+ Ka7 42. Qd4+ b6 43. Qd7+ Kb8 44. Qd8+ Kb7 45. Qd5+ 1/2-1/2